000
00249nam a2200097Ia 4500
008
190216s9999||||xx |||||||||||||| ||und||
100
_a
Null
245
0
_a
Hindi-Darpana Mukth He Jelper
260
_b
Sahithya Pravarthaka Sahakarana Sangam
942
_c
BK
999
_c
17298
_d
17298